000 01807nam a22002417a 4500
999 _c59478
_d59478
003 Ge_BSU
005 20230227164320.0
008 230227s2004 ge ||||| |||| 00| 0 geo d
020 _a999283269X
041 _ageo
080 _a342.4(063):321.7(063)
245 _aსახელმწიფოს კონსტიტუციური ორგანიზაცია :
_bსაერთაშორისო სამეცნიერო-პრაქტიკული კონფერენციის მასალები, (თბილისი, 18-19 მაისი) /
_cსაქართველოს საკონსტიტუციო სასამართლო, ვენეციის კომისია ; სარედაქციო კოლეგია: ჯონი ხეცურიანი [და სხვ.].
264 _aთბილისი :
_bმერიდიანი,
_c2004.
300 _a166 გვ. ;
_b 20 სმ.
653 _aსახელმწიფოს კონსტიტუციური მოწყობა -- კონფერენციები.
700 _aხეცურიანი, ჯონი
_eრედაქტორი
_917058
700 _aზოიძე, ბესარიონ
_eრედაქტორი
_917059
700 _aზოიძე, ბესარიონ
_eრედაქტორი
_917059
700 _aფუტკარაძე, იაკობ
_eრედაქტორი
_912625
700 _aჯინჯოლავა, ზაურ
_eრედაქტორი
_917060
710 _aსაქართველოს საკონსტიტუციო სასამართლო.
_bვენეციის კომისია.
_917061
942 _2udc
_cBK